Después de la Guerra Fría: el gasto militar estadounidense /
Gardado en:
| Autor Principal: | |
|---|---|
| Formato: | Texto |
| Materias: | |
| Etiquetas: |
Engadir etiqueta
Sen Etiquetas, Sexa o primeiro en etiquetar este rexistro!
|
MARC
| LEADER | 00000 a a2200000 04500 | ||
|---|---|---|---|
| 001 | 46008 | ||
| 003 | |||
| 040 | |||
| 100 | |a Cypher, James M. | ||
| 245 | |a Después de la Guerra Fría: |b el gasto militar estadounidense / |c James M. Cypher | ||
| 650 | |a GUERRA FRIA | ||
| 650 | |a ESTADOS UNIDOS | ||
| 650 | |a GASTOS MILITARES | ||
| 773 | |g número56 (1991), páginas 8-13 | ||
| 999 | |c 23130 |d 23130 | ||
